000
00303nam a22000977a 4500
008
110615t xxu||||| |||| 00| 0 eng d
010
_a
CACAF 45
245
_a
Court of Appeal Criminal Appeal No.99 of 2000 Bamugisha Herbert vs Uganda
260
_c
2000
500
_a
CARAM: LADY JUSTICE L. E.M . MUKASA -KI
999
_c
3031
_d
3031